| 000 | 00561nam a22001937a 4500 | ||
|---|---|---|---|
| 003 | 0 | ||
| 005 | 20230925133641.0 | ||
| 008 | 230925b xxu||||| |||| 00| 0 eng d | ||
| 020 | _a978-1-77469-070-3 | ||
| 050 |
_aQA 276.12 _b.N38 2022 |
||
| 100 | _aNauhwar, Manoj | ||
| 245 |
_aFundamental of statistics _c Manoj Nauhwar |
||
| 260 |
_aCanada _bArcler Press _cc2022. |
||
| 300 |
_axii, 229 pages : _bcol. ill. ; _c24 cm. |
||
| 500 | _aStatistics. | ||
| 504 | _aIncludes bibliographical references and index. | ||
| 650 | _aStatistics. | ||
| 942 |
_2lcc _cBK |
||
| 999 |
_c365383 _d365383 |
||